| 000 | 00884 a2200157 4500 | ||
|---|---|---|---|
| 003 | NUST | ||
| 005 | 20230209131100.0 | ||
| 040 | _cNust | ||
| 082 | _a654.91,QUR | ||
| 100 |
_aQureshi, I.Q. _9108787 |
||
| 245 |
_aA Short History of Pakistan : _bBook one four / _cI.H. Qureshi |
||
| 260 |
_aKarachi ,Pakistan _bUniversity Press _c2000 |
||
| 300 | _a952 p.; | ||
| 505 | _aGeographical Factors in the history of Pakistan (Page-1), Sources of Antecedent History (Page-16), Prehistory and Protohistory (Page-26), The Age and Cultural of the Vedic Aryans (Page-45), The Age of Compromise (Page-64), The Aachaeminian age and the Alexander Invasion (Page-82), The Maurya Age (Page-98), Foreign invasions and the Age of the imperial Guptas (Page-139), The Age of Empire building in East Pakistan (Page-168), Medievalism and the Decline of the Hindus (Page-193). | ||
| 942 |
_2ddc _cBK _k954.91,QUR |
||
| 999 |
_c194038 _d194038 |
||